000 00311nam a2200121Ia 4500
005 20251222144800.0
008 251222s9999||||xx |||||||||||||| ||spa||
082 _a709.85/L31
100 _aLavalle, José Antonio de
245 0 _aPintura Contemporánea:
264 _bBanco de Crédito del Perú
942 _cLIB
999 _c19691
_d19691